2019 US Women’s Soccer World Cup Team - Statistics

General Stats
  • This quiz has been taken 150 times
  • The average score is 14 of 24
Answer Stats
Position Club Answer % Correct
Forward Orlando Pride Alex Morgan
94%
Midfielder Reign FC Megan Rapinoe
93%
Midfielder Portland Thorns Tobin Heath
79%
Forward Utah Royals Christen Press
77%
Midfielder Washington Spirit Rose Lavelle
73%
Defender Utah Royals Kelley O'Hara
69%
Midfielder Portland Thorns Lindsey Horan
69%
Midfielder North Carolina Courage Sam Mewis
69%
Goalkeeper Orlando Pride Ashlyn Harris
67%
Goalkeeper Chicago Red Stars Alyssa Naeher
66%
Defender Orlando Pride Ali Krieger
61%
Midfielder Sky Blue FC Carli Lloyd
61%
Defender North Carolina Courage Crystal Dunn
59%
Coach - Jill Ellis
56%
Midfielder Chicago Red Stars Julie Ertz
55%
Defender Utah Royals Becky Sauerbrunn
52%
Defender North Carolina Courage Abby Dahlkemper
51%
Defender Portland Thorns Emily Sonnett
51%
Goalkeeper Portland Thorns Adrianna Franch
50%
Defender Chicago Red Stars Tierna Davidson
39%
Midfielder Reign FC Allie Long
36%
Forward North Carolina Courage Jessica McDonald
36%
Midfielder Chicago Red Stars Morgan Brian
31%
Forward Washington Spirit Mallory Paugh
1%
No matching quizzes found
Score Distribution
Percent of People with Each Score
Percentile by Number Answered
Your Score History
You have not taken this quiz